000 00573nai a2200181Ia 4500
003 IN-BaIIA
008 211028c9999 xx s 000 0 eng d
022 _a0148-639X (Print)
022 _a1097-4598 (Online)
040 _cIIA Library
245 0 _aMuscle & Nerve
_h[eJournal]
260 _aNew Jersey
_bJohn Wiley & Sons
310 _aMonthly
362 _a19(1); 1996 - Present
521 _bSubscribed through National Knowledge Resource Consortium (NKRC)
856 _uhttps://onlinelibrary.wiley.com/journal/10974598
_yClick Here to Access eJournal
942 _cEJ
999 _c35384
_d35384